Historia del cine mundial: desde los orígenes hasta nuestros días

Kaydedildi:
Detaylı Bibliyografya
Yazar: Sadoul, Georges (Yazar)
Materyal Türü: Kitap
Dil:İspanyolca
Baskı/Yayın Bilgisi: Ciudad de México Siglo Veintiuno 1983
Edisyon:7a. ed
Konular:
Etiketler: Etiketle
Etiket eklenmemiş, İlk siz ekleyin!

MARC

LEADER 00000nam a2200000 a 4500
001 UCW0329
003 CL-VaPUC
008 930325e19830000MX |||||||||||||||||spa|d
082 0 4 |a 791.43  |b SAD  |2 21 
100 0 |a Sadoul, Georges  |e author  |9 304264 
245 1 0 |a Historia del cine mundial: desde los orígenes hasta nuestros días 
250 |a 7a. ed 
300 |a 828 p 
942 |c BK 
945 |d 19930325 00:00:00 
260 |a Ciudad de México  |b Siglo Veintiuno  |c 1983 
650 0 |a Historia del cine  |9 265166 
583 |a last modification  |c 20180402 05:46:38  |k Rodrigo Vera 
999 |c 215536  |d 215534 
952 |0 0  |1 0  |4 0  |6 791_430000000000000_SAD_1983  |7 0  |8 R  |9 199878  |a BIBART  |b BIBART  |d 2019-11-14  |i 2671506  |o 791.43 SAD 1983  |p 2671506  |r 2025-03-13  |w 2019-11-14  |y BK_R  |k ART